000 00847nam a22002897a 4500
003 CHAP
005 20220329141823.0
008 971013s1967 r 00010 d
010 _a74357
011 _a75329
035 _a84889
040 _cCHAP
082 _a631.4
_bG3
100 0 0 _aGaucher, G.
_947285
245 _aTraité de pédologie agricole; le sol et ses caracteristiques agronomiques
260 _aParis :
_bDunod,
_c1967
300 _a578 p.
_b: ilus.
490 _aAgronomie moderne
590 _aBATCH-UPD
_b10
_c20130110
_lUCH01
_h0509
590 _aBATCH-UPD
_b10
_c20130110
_lUCH01
_h2354
590 _aCONVERSION
_b10
_c20130109
_lUCH01
_h1341
650 1 4 _aSuelos.
_9110191
830 0 _aAgronomie moderne
_92194
901 _aBK
942 _cLIBRO
949 _a631.4 G3
_bBC
_cLIBRO
_d33724000061818
_eLIBRO
_h12942
_i84889
_si
999 _c74357
_d74357